000
00475nam a2200181Ia 4500
008
100917s9999 xx 000 0 und d
082
_b
44157
100
_a
माने लक्ष्मण
245
_a
उपरा
260
_b
ग्रंथाली प्रकाशन
_c
1980
300
_a
166
365
_b
18
520
_a
कादंबरी
630
_a
उपरा
650
_a
कादंबरी
730
_a
उपरा
942
_c
BOOK
999
_c
649551
_d
649548